[Event "SVK ECo-C Extraliga 2021-22"]
[Site "Slovakia"]
[Date "2022.02.20"]
[Round "4.3"]
[White "Jurcik, Marian"]
[Black "Kostolansky, Sebastian Lukas"]
[Result "1/2-1/2"]
[WhiteElo "2412"]
[BlackElo "2395"]
[Annotator "TA"]
[PlyCount "137"]
[EventDate "2021.10.21"]
[EventType "team-tourn"]
[EventCountry "SVK"]
[SourceTitle "playchess.com"]
[Source "ChessBase"]
[SourceQuality "1"]

{[%evp 11,137,20,29,6,0,0,0,-12,10,18,26,20,33,28,24,0,0,-35,0,-27,-11,-64,-51,-58,-55,-56,-57,-60,0,0,0,0,0,0,0,0,0,0,0,0,0,0,25,8,287,285,270,285,261,165,1179,1171,1254,1263,1256,1212,29986,278,29990,1201,1139,1127,869,297,271,227,441,320,306,222,319,161,466,91,68,81,85,80,209,189,344,214,218,217,214,210,208,191,180,173,287,220,157,8,8,-117,-16,-34,0,-146,0,0,8,8,8,8,8,0,0,0,0,0,0,0,0,0,0,0,0,0,0,0,0,0,0,0,0,-11]} 1. e4 c5 2. Nf3 e6 3. d4 cxd4 4. Nxd4 Nc6 5. Nc3 Qc7 6. Be3 a6 7. g4 {seems to push 7.Qd2 aside. B48: Sicilian: Taimanov: 5 Nc3 Qc7 6 Be3 a6 without Be2.} b5 8. Nxc6 Qxc6 9. Qd2 Bb7 (9... b4 $5 {[%cal Rb4c3]} 10. Ne2 Qxe4 $15) 10. O-O-O Nf6 11. f3 $1 b4 12. Ne2 d5 13. e5 (13. g5 $5 {[%cal Rg5f6]} Nd7 14. Ng3 $11) 13... Nd7 14. Bd4 a5 15. Kb1 a4 {[#]} 16. Nc1 $146 (16. f4 $11) ({Predecessor:} 16. f4 b3 17. cxb3 axb3 18. a3 Nb6 19. Bxb6 Qxb6 20. Nd4 Bc5 21. Bb5+ Ke7 22. a4 Bxd4 23. Qxd4 Qxd4 24. Rxd4 {0-1 (42) Yandarbiev,R (2339)-Oral,T (2513) St Petersburg 2014}) 16... Be7 17. f4 O-O 18. f5 {[%cal Of5f6]} Rfc8 19. f6 gxf6 (19... Bf8 $15 20. fxg7 Bxg7) 20. exf6 $11 Bxf6 21. Bxf6 Nxf6 22. Qg5+ $1 Kf8 23. Bd3 Ne4 24. Qh6+ Kg8 25. Rhf1 $1 e5 26. Qh5 {[%csl LRe5,LRf7] Dancing on a razor blade.} f6 {[%cal Ob4b3]} 27. g5 $1 Nxg5 {[%mdl 8192]} (27... b3 $1 $11 28. c3 f5) 28. Qh6 $18 Rf8 29. h4 e4 30. hxg5 f5 {[#]} (30... exd3 31. cxd3 (31. Nxd3 b3 $14) 31... Rf7) 31. g6 $1 hxg6 {[#]} (31... Qxg6 32. Rg1) 32. Rh1 $1 {[%csl Gh1][%cal Rh6h7]} Kf7 33. Qh7+ Ke8 {[#]} 34. Qg7 $2 Rd8 $2 {[#]} (34... Rf7 $18 35. Qd4 (35. Rh8+ Ke7 $11) 35... Kd8 36. Qxb4 Kc7) 35. Rh7 Rd7 36. Qe5+ Kd8 {[#]} 37. Rxd7+ $2 (37. Bb5 $1 {[%mdl 512]} Qxb5 38. Qb8+ Bc8 39. Qxb5 Rxh7 40. Qb6+ Ke7 41. Qc7+ Bd7 42. Rxd5) 37... Qxd7 38. Bc4 {[%cal Rc4d5]} Qc7 $2 (38... Re8 39. Qd4 Kc8) 39. Qd4 Qd6 40. Bb5 a3 (40... Kc7 $142 41. Rh1 Kb8) 41. Ne2 (41. c3 $142) 41... f4 $2 (41... Qf6 {is a better chance.}) 42. Qg7 $2 (42. Qa7 $18 {is the precise move to win.} Kc8 43. Rh1) 42... Qe7 $16 43. Qh6 {White is more active.} Kc8 44. Nd4 (44. Nxf4 $6 Qf6 45. Qh3+ Kb8 46. bxa3 Qxf4 $11) 44... f3 (44... Kb8 $16 {keeps fighting.}) 45. Qxg6 $18 f2 $2 (45... Qf6 46. Qg3 e3) 46. Qg4+ (46. Qg3 Qc7 47. Qh3+ Kb8 48. bxa3 Qc3 49. Qh2+ (49. Qh6 $2 bxa3 50. Qc1 e3 $19) 49... Qc7 $18) 46... Kb8 47. Qg3+ Ka8 48. Qe3 {aiming for Nc6.} Qc5 {Prevents Nc6.} 49. Bf1 axb2 50. Kxb2 Rf3 (50... Qb6 {was necessary.} 51. Qg3 Ba6) 51. Qe2 Rf6 52. Qb5 (52. Qh5 $16) 52... Qxb5 $11 53. Bxb5 (53. Nxb5 $11 {was the only way to keep the balance.} Rf3 54. Nc7+ Kb8 55. Nxd5) 53... e3 (53... Ba6 $17 {Hoping for ...Bxb5.} 54. Bxa6 Rxa6) 54. Bf1 Bc8 (54... Ba6 $5 {[%cal Ra6c4]} 55. Nb5 Re6 56. Nc7+ Ka7 57. Nxa6 (57. Nxe6 $2 Bxf1 58. Rxf1 e2 $17) 57... e2 58. Bxe2 Rxe2 59. Nxb4 Re1 $17) 55. Ra1 {[#]} (55. c3 $11 {keeps the balance.}) 55... Rg6 ({Black should try} 55... Rf4 $1 $17 {[%cal Rf4d4]} 56. Ne2 Rg4) 56. a3 {The position is equal.} bxa3+ 57. Rxa3+ Kb8 58. Rxe3 {Threatens to win with Rf3.} Rg1 59. Rb3+ Kc7 60. Rc3+ Kb7 61. Bb5 {And now Rf3 would win.} Bd7 62. Bd3 Rd1 {[%cal Od1d3]} 63. Rb3+ Kc7 {[%cal Od1d3] ...Rxd3! is the strong threat.} 64. Nb5+ Kd8 65. Be2 {Strongly threatening Rf3.} Bg4 {To avoid Rf3} 66. Bxg4 {Black must now prevent Be2.} ({Avoid the trap} 66. Bxd1 $2 Bxd1 67. Rd3 f1=Q $19) 66... f1=Q {Inhibits Be2.} 67. Bxd1 Qxd1 68. Rd3 Qh1 69. Nc3 {White really could win this.  Weighted Error Value: White=0.63/Black=0.76} (69. c4 $5) 1/2-1/2

[Event "SVK ECo-C Extraliga 2021-22"]
[Site "Slovakia"]
[Date "2022.02.20"]
[Round "4.3"]
[White "Motuz Karol"]
[Black "Bokros Albert"]
[Result "0-1"]
[WhiteElo "2315"]
[BlackElo "2447"]
[Annotator "RC"]
[PlyCount "76"]
[EventDate "2021.10.21"]
[EventType "team-tourn"]
[EventCountry "SVK"]
[SourceTitle "playchess.com"]
[Source "ChessBase"]
[SourceQuality "1"]
[TimeControl "40/5400+30:1800+30"]

1. d4 {[%emt 0:00:05]} Nf6 {[%emt 0:00:14]} 2. c4 {[%emt 0:00:20]} e6 {[%emt 0:00:08]} 3. Nc3 {[%emt 0:00:34]} Bb4 {[%emt 0:00:09]} 4. Qc2 {[%emt 0:00:57]} c5 {[%emt 0:01:14]} 5. dxc5 {[%emt 0:02:27]} Bxc5 {[%emt 0:01:33]} 6. Nf3 {[%emt 0:01:00]} Nc6 {[%emt 0:02:28]} 7. Bg5 {[%emt 0:02:59]} h6 {[%emt 0:05:20]} 8. Bh4 {[%emt 0:00:55]} O-O {[%emt 0:01:44]} 9. e3 {[%emt 0:03:17]} Be7 {[%emt 0:01:49]} 10. Be2 {[%emt 0:02:43]} b6 {[%emt 0:01:41]} 11. O-O {[%emt 0:00:57]} Bb7 {[%emt 0:00:38]} 12. Rfd1 {[%emt 0:02:30]} Rc8 {[%emt 0:01:15]} 13. Rd2 {[%emt 0:13:00]} Na5 {[%emt 0:06:25]} 14. b3 {[%emt 0:06:36]} d5 {[%emt 0:02:01]} 15. e4 {[%emt 0:07:29]} Qe8 {[%emt 0:06:55]} 16. e5 {[%emt 0:06:46]} Ne4 {[%emt 0:01:46]} 17. Nxe4 {[%emt 0:11:39]} dxe4 {[%emt 0:03:35]} 18. Bxe7 {[%emt 0:00:57]} Qxe7 {[%emt 0:01:01]} 19. Ne1 {[%emt 0:03:49]} Qc5 {[%emt 0:06:27]} 20. Qc3 {[%emt 0:01:36]} Nc6 {[%emt 0:01:22]} 21. Rd7 {[%emt 0:02:16]} Rb8 {[%emt 0:01:53]} 22. Rad1 {[%emt 0:04:03]} Qxe5 {[%emt 0:01:47]} 23. Qe3 {[%emt 0:01:39]} f5 {[%emt 0:04:20]} 24. g3 {[%emt 0:01:38]} Qf6 {[%emt 0:04:28]} 25. f4 {[%emt 0:02:41]} Rfd8 {[%emt 0:03:35]} 26. c5 {[%emt 0:02:47]} Nb4 {[%emt 0:07:30]} 27. cxb6 {[%emt 0:06:20]} Nd5 {[%emt 0:03:19]} 28. R1xd5 {[%emt 0:01:35]} Bxd5 {[%emt 0:01:24]} 29. bxa7 {[%emt 0:01:32]} Ra8 {[%emt 0:01:04]} 30. Rc7 {[%emt 0:04:17]} Rdc8 {[%emt 0:01:01]} 31. Rxc8+ {[%emt 0:01:27]} Rxc8 {[%emt 0:00:16]} 32. Ba6 {[%emt 0:00:55]} Ra8 {[%emt 0:01:07]} 33. Qb6 {[%emt 0:02:28]} Qa1 {[%emt 0:05:41]} 34. Kf1 {[%emt 0:01:11]} Qxa2 {[%emt 0:00:32]} 35. b4 {[%emt 0:01:35]} e3 {[%emt 0:01:24]} 36. Nd3 {[%emt 0:00:20]} Qg2+ {[%emt 0:00:30]} 37. Ke1 {[%emt 0:00:06]} Qd2+ {[%emt 0:00:55]} 38. Kf1 {[%emt 0:00:30]} e2+ {[%emt 0:01:10]} 0-1

[Event "SVK ECo-C Extraliga 2021-22"]
[Site "Slovakia"]
[Date "2022.02.20"]
[Round "4.4"]
[White "Malinovsky, Karel"]
[Black "Jurcik, Martin"]
[Result "1/2-1/2"]
[WhiteElo "2473"]
[BlackElo "2390"]
[Annotator "TA"]
[PlyCount "50"]
[EventDate "2021.10.21"]
[EventType "team-tourn"]
[EventCountry "SVK"]
[SourceTitle "playchess.com"]
[Source "ChessBase"]
[SourceQuality "1"]

{[%evp 9,50,20,31,31,36,21,29,21,23,8,16,0,22,8,15,0,26,-2,13,14,46,44,41,0,20,10,18,18,20,19,10,0,-4,-34,-35,-33,-32,-75,0,4,8,0,14]} 1. e4 e5 2. Nf3 Nc6 3. Bb5 Nge7 4. Nc3 Ng6 5. d4 Nxd4 6. Nxd4 {C60: Ruy Lopez: Unusual Black 3rd moves and 3...g6.} exd4 7. Qxd4 {[%cal Oh2h4]} c6 8. Be2 {White has an edge.} Qb6 9. Qd3 Be7 10. O-O O-O 11. a4 d6 12. Be3 {[#]} Qa5 $146 (12... Qxb2 $2 13. Rfb1 Qxa1 14. Rxa1 $18) ({Predecessor:} 12... Qc7 13. f4 f5 14. Qd2 Kh8 15. Kh1 fxe4 16. Nxe4 d5 17. Ng3 Nh4 18. Bd3 c5 {0-1 (30) Volokitin,A (2606)-Sadhwani,R (2517) Riga 2021}) 13. Bd2 {[%cal Oc3d5,Be3d2,Bd2e1,Be1h4,Bh4f6][%mdl 32]} Qc7 14. f4 Re8 15. Kh1 b6 {[%cal Bb7b6,Bb6b5][%mdl 32]} 16. Qc4 (16. Qf3 $14) 16... Bd8 17. Rad1 a6 18. Be1 b5 19. Qd4 Be7 20. f5 Ne5 21. f6 Bxf6 22. Rxf6 gxf6 23. Bh4 $1 {[#]} Bb7 (23... f5 $1 $17) 24. Bxf6 $11 {Threatens to win with Qd2.} Re6 25. Rf1 Rae8 {Weighted Error Value: White=0.09 (flawless) /Black=0.09 (flawless)} 1/2-1/2

[Event "SVK ECo-C Extraliga 2021-22"]
[Site "Slovakia"]
[Date "2022.02.20"]
[Round "4.4"]
[White "Borhy Marcell"]
[Black "Vojtek Vladimir"]
[Result "1-0"]
[WhiteElo "2381"]
[BlackElo "2288"]
[Annotator "ChessBase"]
[PlyCount "71"]
[EventDate "2021.10.21"]
[EventType "team-tourn"]
[EventCountry "SVK"]
[SourceTitle "playchess.com"]
[Source "ChessBase"]
[SourceQuality "1"]
[TimeControl "40/5400+30:1800+30"]

1. Nf3 {[%emt 0:00:06]} d5 {[%emt 0:00:06]} 2. d4 {[%emt 0:00:06]} Bf5 {[%emt 0:00:08]} 3. c4 {[%emt 0:00:07]} e6 {[%emt 0:00:04]} 4. Nc3 {[%emt 0:00:07]} Nc6 {[%emt 0:00:49]} 5. cxd5 {[%emt 0:00:35]} exd5 {[%emt 0:00:06]} 6. Bf4 {[%emt 0:00:06]} Bd6 {[%emt 0:00:34]} 7. Bxd6 {[%emt 0:02:50]} Qxd6 {[%emt 0:00:16]} 8. e3 {[%emt 0:00:07]} Nf6 {[%emt 0:01:28]} 9. Be2 {[%emt 0:00:10]} O-O {[%emt 0:01:03]} 10. O-O {[%emt 0:00:08]} Rfe8 {[%emt 0:04:48]} 11. Rc1 {[%emt 0:00:54]} a6 {[%emt 0:01:04]} 12. Na4 {[%emt 0:07:46]} Ne4 {[%emt 0:04:10]} 13. Nc5 {[%emt 0:02:12]} Nd8 {[%emt 0:21:33]} 14. b4 {[%emt 0:12:20]} a5 {[%emt 0:08:23]} 15. Qa4 {[%emt 0:09:22]} Ne6 {[%emt 0:00:28]} 16. Nh4 {[%emt 0:03:49]} N6xc5 {[%emt 0:15:33]} 17. bxc5 {[%emt 0:10:07]} Qf6 {[%emt 0:09:10]} 18. Nxf5 {[%emt 0:01:42]} Qxf5 {[%emt 0:00:06]} 19. Bd3 {[%emt 0:12:17]} Qg5 {[%emt 0:10:30]} 20. Rc2 {[%emt 0:04:53]} Re7 {[%emt 0:04:17]} 21. Rb1 {[%emt 0:02:22]} c6 {[%emt 0:00:58]} 22. Bxe4 {[%emt 0:03:04]} dxe4 {[%emt 0:00:41]} 23. Rcb2 {[%emt 0:00:07]} h5 {[%emt 0:02:25]} 24. Rxb7 {[%emt 0:00:28]} Re6 {[%emt 0:00:19]} 25. Rb8+ {[%emt 0:03:25]} Rxb8 {[%emt 0:00:02]} 26. Rxb8+ {[%emt 0:00:09]} Kh7 {[%emt 0:00:01]} 27. Qxa5 {[%emt 0:04:40]} Rg6 {[%emt 0:01:07]} 28. g3 {[%emt 0:00:10]} Qg4 {[%emt 0:00:14]} 29. Qe1 {[%emt 0:00:20]} h4 {[%emt 0:01:38]} 30. Rb2 {[%emt 0:01:08]} f5 {[%emt 0:01:28]} 31. Qe2 {[%emt 0:07:19]} Qg5 {[%emt 0:06:10]} 32. a4 {[%emt 0:01:31]} Rf6 {[%emt 0:00:33]} 33. a5 {[%emt 0:00:26]} f4 {[%emt 0:00:04]} 34. exf4 {[%emt 0:00:20]} Rxf4 {[%emt 0:00:13]} 35. Qe3 {[%emt 0:00:32]} hxg3 {[%emt 0:00:11]} 36. hxg3 {[%emt 0:00:06]} 1-0

[Event "SVK ECo-C Extraliga 2021-22"]
[Site "Slovakia"]
[Date "2022.02.20"]
[Round "4.4"]
[White "Manik, Mikulas"]
[Black "Kozak, Adam"]
[Result "0-1"]
[WhiteElo "2349"]
[BlackElo "2522"]
[Annotator "TA"]
[PlyCount "74"]
[EventDate "2021.10.21"]
[EventType "team-tourn"]
[EventCountry "SVK"]
[SourceTitle "playchess.com"]
[Source "ChessBase"]
[SourceQuality "1"]

{[%evp 9,74,31,26,32,31,23,21,9,9,0,0,0,7,-4,-6,-1,-8,-45,-33,-52,2,-16,-14,-13,-17,-14,-13,-19,-5,-27,40,40,41,31,31,43,40,40,56,54,66,22,19,-19,0,-19,-35,-75,-31,-50,-38,-91,-68,-81,-60,-536,-531,-497,-496,-853,-850,-1366,-1289,-1529,-1562,-1031,-825]} 1. e4 c5 2. Nf3 Nc6 3. Bb5 Nf6 4. Bxc6 dxc6 5. d3 Bg4 {[%cal Bc8g4,Bg4h5,Bh5f7][%mdl 32]} 6. h3 {B30: Sicilian: 2...Nc6 3 Bb5, lines without ...g6.} Bh5 7. Nbd2 Nd7 8. b3 {The position is equal.} e5 9. Bb2 f6 10. Nf1 Qc7 {[#]} 11. g4 $146 ({Predecessor:} 11. Ne3 Bd6 12. Nf5 Nf8 13. O-O Ne6 14. a4 {½-½ (14) Holtel,J (2234)-Neuendorf,M (1981) Kiel 2018}) 11... Bf7 12. Ne3 O-O-O 13. a4 Bd6 (13... c4 {feels hotter.} 14. Nxc4 Bb4+ 15. Kf1 Nf8 16. a5 Ng6) 14. Nf5 Rhg8 (14... Nf8 $1 $15) 15. Nxd6+ Qxd6 16. Nh4 Nf8 17. Nf5 Qc7 18. a5 Ne6 19. Qf3 Rh8 {[#]} (19... Rgf8 $11) 20. Nxg7 $1 $14 Nxg7 21. Qxf6 Ne6 {White must now prevent ...Nd4.} 22. Bxe5 Qd7 23. Bg3 Nc7 24. O-O-O b6 25. axb6 (25. f4 $14 {is more appropriate.}) 25... axb6 $11 26. Kb2 Kb7 27. Bxc7 Qxc7 28. Ra1 Rhf8 (28... Bg6 $1 $17) 29. Qg7 $15 {[%cal Of2f4]} Rg8 30. Qxh7 ({Better is} 30. Qc3 $15) 30... Qe5+ $1 $17 31. Kb1 Rgf8 {[%mdl 1024] Threatens to win with ...b5. Black has strong compensation. Chess con chili. Black is much more active.} 32. Ra3 $2 {[%mdl 8192] Loses the game.} (32. f4 $1 $15 Qxf4 33. Qg7) 32... b5 $1 $19 {[%cal Bb6b5,Bb5b4][%mdl 32] Black is clearly winning.} 33. Qh6 {[#]} b4 $1 34. f4 (34. Ra2 $142 Ra8 35. d4 (35. f4 $2 Qc3 $19) 35... Qxe4 36. Rc1 Qxd4 37. Qe3 Rxa2 38. Qxd4 cxd4 39. Kxa2) 34... Qc3 35. Ra6 {[#]} Rc8 $1 ({And not} 35... Kxa6 36. Qxc6+ Ka5 37. Qc7+ Ka6 38. Qc6+ Ka7 39. Qc7+ Ka8 40. Qc6+ Kb8 41. Qb6+ Kc8 42. Qc6+ Kb8 43. Qb6+ Kc8 44. Qc6+ Kb8 $11) 36. Rxc6 Rxc6 37. Qxf8 {[#]} Bxb3 $1 {[%mdl 512] Weighted Error Value: White=0.68/Black=0.09 (flawless)} 0-1

[Event "SVK ECo-C Extraliga 2021-22"]
[Site "Slovakia"]
[Date "2022.02.20"]
[Round "4.5"]
[White "Stohl, Igor"]
[Black "Nguyen, Piotr"]
[Result "1/2-1/2"]
[WhiteElo "2459"]
[BlackElo "2401"]
[Annotator "TA"]
[PlyCount "73"]
[EventDate "2021.10.21"]
[EventType "team-tourn"]
[EventCountry "SVK"]
[SourceTitle "playchess.com"]
[Source "ChessBase"]
[SourceQuality "1"]

{[%evp 16,73,43,34,55,44,64,18,17,17,24,24,24,24,22,18,26,23,25,17,18,24,18,24,62,25,41,25,31,34,45,0,2,0,0,0,0,0,39,39,39,39,39,39,39,39,39,39,39,0,10,10,33,10,10,0,33,0,31,0]} 1. Nf3 c5 2. c4 g6 3. d4 cxd4 4. Nxd4 Nc6 5. e4 Nf6 6. Nc3 d6 7. f3 Bg7 8. Be3 O-O 9. Be2 Nxd4 {B38: Sicilian: Maroczy Bind with 5...Bg7 and 7...0-0.} 10. Bxd4 ({Don't play} 10. Qxd4 {[#]} Ng4 $1 11. Qd2 Nxe3 12. Qxe3 Be6 $17) 10... Be6 11. Nd5 {[#]} (11. b3 $14) 11... Bxd5 $146 {The position is equal.} ({Predecessor:} 11... Nxd5 12. cxd5 Bd7 13. Bxg7 Kxg7 14. Qd4+ Kg8 15. O-O Qa5 16. b4 Qa3 17. Bc4 b5 {1-0 (50) Alves,A (1836)-Okuda,P (1719) Sao Paulo 2019}) 12. exd5 Nd7 13. Bxg7 Kxg7 14. Qd4+ f6 15. f4 Qb6 16. Qxb6 Nxb6 17. Kd2 h5 18. Rhe1 Rac8 (18... f5 {looks sharper.} 19. Kd3 Rfc8 20. Kd4 Kf7 21. Rac1 Nd7) 19. b3 Rc7 20. Bd3 a5 {[%cal Ba7a5,Ba5a4][%mdl 32]} 21. Re3 a4 22. Rae1 Kf7 23. Rg3 (23. Be2 $14 {should be considered.}) 23... Rg8 24. Ke3 f5 25. Kd4 axb3 26. axb3 Rcc8 27. Rge3 {The board is on fire.} Rge8 28. Ra1 Ra8 29. Ree1 Nd7 30. b4 Rec8 31. Rec1 b6 32. g3 Nf6 33. h4 Nd7 34. Re1 Nf6 35. Rec1 Nd7 36. Re1 Nf6 37. Rec1 {Weighted Error Value: White=0.09 (flawless) /Black=0.06 (flawless)} 1/2-1/2

[Event "SVK ECo-C Extraliga 2021-22"]
[Site "Slovakia"]
[Date "2022.02.20"]
[Round "4.5"]
[White "Zvarik, Martin"]
[Black "Bures, Jaroslav"]
[Result "0-1"]
[WhiteElo "2233"]
[BlackElo "2411"]
[Annotator "ChessBase"]
[PlyCount "56"]
[EventDate "2021.10.21"]
[EventType "team-tourn"]
[EventCountry "SVK"]
[SourceTitle "playchess.com"]
[Source "ChessBase"]
[SourceQuality "1"]
[TimeControl "40/5400+30:1800+30"]

1. Nf3 {[%emt 0:00:12]} c5 {[%emt 0:00:17]} 2. g3 {[%emt 0:00:13]} Nc6 {[%emt 0:00:31]} 3. Bg2 {[%emt 0:00:06]} e5 {[%emt 0:00:15]} 4. d3 {[%emt 0:00:25]} d5 {[%emt 0:00:25]} 5. O-O {[%emt 0:06:07]} Be7 {[%emt 0:03:10]} 6. c3 {[%emt 0:03:49]} Nf6 {[%emt 0:01:29]} 7. Nbd2 {[%emt 0:01:02]} O-O {[%emt 0:03:30]} 8. e4 {[%emt 0:02:28]} Be6 {[%emt 0:02:00]} 9. Re1 {[%emt 0:04:51]} d4 {[%emt 0:00:13]} 10. Qc2 {[%emt 0:05:09]} Nd7 {[%emt 0:01:20]} 11. a4 {[%emt 0:03:47]} a6 {[%emt 0:01:12]} 12. h3 {[%emt 0:05:03]} b5 {[%emt 0:01:18]} 13. Kh2 {[%emt 0:01:25]} Qb6 {[%emt 0:11:29]} 14. c4 {[%emt 0:02:29]} Nb4 {[%emt 0:04:15]} 15. Qb1 {[%emt 0:02:00]} Rab8 {[%emt 0:07:36]} 16. b3 {[%emt 0:02:47]} f5 {[%emt 0:01:04]} 17. axb5 {[%emt 0:10:40]} axb5 {[%emt 0:00:14]} 18. exf5 {[%emt 0:00:14]} Bxf5 {[%emt 0:01:52]} 19. Ne4 {[%emt 0:00:14]} bxc4 {[%emt 0:00:19]} 20. bxc4 {[%emt 0:00:37]} Qg6 {[%emt 0:04:36]} 21. Ra7 {[%emt 0:04:51]} Nc6 {[%emt 0:04:25]} 22. Rb7 {[%emt 0:00:42]} Rxb7 {[%emt 0:04:12]} 23. Qxb7 {[%emt 0:00:03]} Nb4 {[%emt 0:00:10]} 24. g4 {[%emt 0:05:32]} Bxe4 {[%emt 0:07:28]} 25. Rxe4 {[%emt 0:04:11]} Qd6 {[%emt 0:02:18]} 26. Ne1 {[%emt 0:11:53]} Rxf2 {[%emt 0:02:28]} 27. Kg1 {[%emt 0:00:46]} Ra2 {[%emt 0:00:57]} 28. g5 {[%emt 0:01:49]} Ra1 {[%emt 0:04:53]} 0-1

[Event "SVK ECo-C Extraliga 2021-22"]
[Site "Slovakia"]
[Date "2022.02.20"]
[Round "4.5"]
[White "Veres Andrej"]
[Black "Varga Zoltan"]
[Result "1/2-1/2"]
[WhiteElo "2185"]
[BlackElo "2390"]
[Annotator "ChessBase"]
[PlyCount "74"]
[EventDate "2021.10.21"]
[EventType "team-tourn"]
[EventCountry "SVK"]
[SourceTitle "playchess.com"]
[Source "ChessBase"]
[SourceQuality "1"]
[TimeControl "40/5400+30:1800+30"]

1. d4 {[%emt 0:00:10]} d5 {[%emt 0:00:09]} 2. Nf3 {[%emt 0:00:26]} c6 {[%emt 0:00:14]} 3. g3 {[%emt 0:00:56]} Nf6 {[%emt 0:00:19]} 4. Bg2 {[%emt 0:00:34]} Bg4 {[%emt 0:00:07]} 5. O-O {[%emt 0:03:43]} Nbd7 {[%emt 0:00:12]} 6. Nbd2 {[%emt 0:00:57]} e6 {[%emt 0:00:12]} 7. b3 {[%emt 0:00:37]} a5 {[%emt 0:00:29]} 8. a4 {[%emt 0:03:07]} Be7 {[%emt 0:01:39]} 9. Bb2 {[%emt 0:00:32]} O-O {[%emt 0:00:06]} 10. c4 {[%emt 0:08:01]} Re8 {[%emt 0:01:14]} 11. Ne5 {[%emt 0:15:41]} Nxe5 {[%emt 0:00:30]} 12. dxe5 {[%emt 0:10:00]} Nd7 {[%emt 0:00:09]} 13. h3 {[%emt 0:00:21]} Bh5 {[%emt 0:01:47]} 14. g4 {[%emt 0:07:42]} Bg6 {[%emt 0:02:23]} 15. f4 {[%emt 0:03:00]} Bc5+ {[%emt 0:12:53]} 16. Kh1 {[%emt 0:03:40]} Be3 {[%emt 0:01:07]} 17. cxd5 {[%emt 0:16:19]} cxd5 {[%emt 0:02:09]} 18. Rf3 {[%emt 0:02:31]} Ba7 {[%emt 0:02:55]} 19. f5 {[%emt 0:04:09]} exf5 {[%emt 0:06:30]} 20. gxf5 {[%emt 0:00:22]} Bh5 {[%emt 0:00:30]} 21. Rd3 {[%emt 0:00:20]} Nxe5 {[%emt 0:00:00]} 22. Rxd5 {[%emt 0:00:25]} Qc7 {[%emt 0:00:00]} 23. Ne4 {[%emt 0:04:16]} Nc6 {[%emt 0:05:28]} 24. Bxg7 {[%emt 0:02:06]} Rxe4 {[%emt 0:03:04]} 25. Bxe4 {[%emt 0:00:17]} Qf4 {[%emt 0:00:09]} 26. Bg2 {[%emt 0:01:20]} Re8 {[%emt 0:04:14]} 27. e3 {[%emt 0:03:26]} Qh4 {[%emt 0:12:40]} 28. Qf1 {[%emt 0:02:00]} Kxg7 {[%emt 0:00:53]} 29. f6+ {[%emt 0:00:31]} Kh6 {[%emt 0:00:23]} 30. e4 {[%emt 0:04:09]} Bb8 {[%emt 0:04:28]} 31. Qe1 {[%emt 0:01:09]} Qxf6 {[%emt 0:13:35]} 32. Rf5 {[%emt 0:00:27]} Qxf5 {[%emt 0:08:55]} 33. exf5 {[%emt 0:00:02]} Rxe1+ {[%emt 0:00:07]} 34. Rxe1 {[%emt 0:00:03]} Bd6 {[%emt 0:00:29]} 35. Rc1 {[%emt 0:00:44]} Ba3 {[%emt 0:03:58]} 36. Re1 {[%emt 0:00:59]} Bb4 {[%emt 0:01:13]} 37. Rc1 {[%emt 0:02:25]} Kg5 {[%emt 0:01:09]} 1/2-1/2

[Event "SVK ECo-C Extraliga 2021-22"]
[Site "Slovakia"]
[Date "2022.02.20"]
[Round "4.6"]
[White "Jacko, Vladimir"]
[Black "Lipka, Juraj"]
[Result "1-0"]
[WhiteElo "2350"]
[BlackElo "2393"]
[Annotator "TA"]
[PlyCount "117"]
[EventDate "2021.10.21"]
[EventType "team-tourn"]
[EventCountry "SVK"]
[SourceTitle "playchess.com"]
[Source "ChessBase"]
[SourceQuality "1"]

{[%evp 11,117,4,22,-4,-4,2,13,10,9,-2,0,-32,4,0,0,-91,-39,-45,-42,-40,-28,-31,-25,-55,-19,-20,-20,-22,-18,-20,0,0,0,-13,0,-15,-9,-13,-12,-37,-12,-8,-5,-6,-6,-4,-19,-23,-28,-27,-23,-23,-23,-24,-21,-24,-24,-35,0,0,0,0,0,0,0,-6,0,-18,0,-14,0,-26,-14,-23,-23,-23,-25,-32,-32,-129,0,-131,0,-10,-10,-19,0,0,0,0,0,0,0,0,981,986,977,977,970,907,968,966,957,937,942,844,1035,470]} 1. e4 e6 2. d4 d5 3. exd5 exd5 4. Nc3 c6 5. Bd3 Bd6 6. Nf3 Nf6 7. h3 {C01: French: Exchange Variation.} O-O 8. O-O {Active counter play!} h6 9. Re1 {The position is equal.} Re8 10. Ne5 Nbd7 {[%cal Rd7e5]} 11. Bf4 {[%cal Oe5f7] [#] aiming for Nxf7!} Qc7 {[%cal Rd7e5] [#]} 12. Qe2 $146 ({Predecessor:} 12. Qf3 Nxe5 13. dxe5 Rxe5 14. Bxe5 Bxe5 15. Re2 Bd7 16. Rae1 Bd6 17. Bf5 Bxf5 18. Qxf5 {1-0 (65) Bacrot,E (2725)-Akobian,V (2647) Riadh 2017}) 12... a6 13. Nb1 (13. Qf3 $11 {keeps the balance.}) 13... Nf8 (13... c5 $17 14. c3 Qb6) 14. Nd2 $15 Ne6 {[%csl LRd4,LRf4]} 15. Qe3 {[%cal Of4h6]} Nxf4 16. Qxf4 Be6 17. Qh4 Nd7 {[%cal Rd7e5]} (17... Qb6 {looks sharper.} 18. Rab1 Qa5 19. Nb3 Qa4 20. c3 b6) 18. Ndf3 Qd8 19. Qxd8 Raxd8 20. Re3 Nf8 21. Rae1 Re7 22. Nh4 Rde8 23. Nf5 Bxf5 24. Bxf5 {[%cal Bd3f5,Bf5g4,Bg4f3][%mdl 32]} g6 25. Bg4 {[%cal Oe5d7]} Kg7 26. Nd3 Rxe3 27. Rxe3 Rxe3 28. fxe3 $11 {[%mdl 4096] Endgame KBN-KBN} f5 29. Bf3 Ne6 30. c3 {[%cal Bc2c3,Bc3c4][%mdl 32]} Kf6 31. Kf2 Ng5 32. b3 Ne4+ 33. Bxe4 dxe4 {KB-KN} 34. Nc1 b5 35. c4 b4 36. Ne2 g5 37. g3 {Prevents f4.} Kg6 38. Ng1 Kf6 39. Ne2 Kg6 40. Kg2 Kf6 41. h4 Bc7 42. hxg5+ hxg5 43. Ng1 Bb8 44. Nh3 {[%cal Og3g4]} g4 45. Nf2 {[#]} ({White should play} 45. Nf4 $15) 45... Bd6 (45... c5 $1 $17 {[%cal Rc5d4]} 46. Nd1 (46. dxc5 $2 Ke6 $17) 46... cxd4 47. exd4 f4) 46. Nd1 (46. c5 $11 {was the only way to keep the balance.} Be7 47. Nd1) 46... Ke6 (46... c5 $17) 47. Nb2 c5 48. Na4 Kd7 49. Nb6+ Kc6 {Hoping for ...cxd4.} 50. Nd5 a5 51. Nf6 Bf8 52. Kf2 Bg7 $2 {[%mdl 8192]} (52... cxd4 $11 53. exd4 Bg7 54. d5+ Kc5) 53. d5+ $18 {White is clearly winning.} Kb7 54. Nd7 Kc7 55. Nxc5 {White wants to mate with Ne6+.} Bh8 56. Ne6+ Kd6 57. Nd8 {Nf7+ is the strong threat.} Kc5 58. Nc6 a4 59. Ne7 {Weighted Error Value: White=0.18 (very precise) /Black=0.16 (very precise)} (59. bxa4 $142 Kxc4 60. d6) 1-0